Países y Capitales del Mundo de memoria - Estadísticas

Estadísticas generales
  • Esta prueba ha sido intentada 421 veces
  • La puntuación promedio es 284 de 399
Estadísticas de respuestas
Países y Capitales % Correcto
Canadá
89%
Estados Unidos
89%
España
87%
México
87%
Argentina
86%
Brasil
86%
Chile
85%
Ciudad de Guatemala
85%
Ciudad de México
85%
Colombia
85%
Perú
85%
Washington D.C.
85%
Cuba
84%
Ecuador
84%
Ottawa
84%
Paraguay
84%
Bolivia
83%
Ciudad del Vaticano
83%
Costa Rica
83%
Francia
83%
Honduras
83%
Madrid
83%
Panamá
83%
Portugal
83%
Rusia
83%
Uruguay
83%
Venezuela
83%
Alemania
82%
Andorra
82%
Bahamas
82%
Buenos Aires
82%
Caracas
82%
China
82%
Finlandia
82%
Guatemala
82%
Hungria
82%
Irlanda
82%
Islandia
82%
Japón
82%
Letonia
82%
Lituania
82%
Reino Unido
82%
Suecia
82%
Suiza
82%
Austria
81%
Estonia
81%
Jamaica
81%
Lima
81%
Nicaragua
81%
Noruega
81%
Albania
80%
Bélgica
80%
Bielorrusia
80%
Bogotá
80%
Brasilia
80%
Bulgaria
80%
Corea del Norte
80%
Corea del Sur
80%
Dinamarca
80%
El Salvador
80%
Eslovaquia
80%
Grecia
80%
Guyana
80%
Israel
80%
Italia
80%
Luxemburgo
80%
Moscú
80%
Países Bajos
80%
París
80%
Republica Dominicana
80%
Rumanía
80%
San Marino
80%
Santiago
80%
Surinam
80%
Barbados
79%
Belice
79%
Croacia
79%
Eslovenia
79%
Haití
79%
India
79%
Malta
79%
Marruecos
79%
Mónaco
79%
Quito
79%
República Checa
79%
Arabia Saudita
78%
Armenia
78%
Asunción
78%
Australia
78%
Berlín
78%
Egipto
78%
Georgia
78%
Granada
78%
Irak
78%
Kenia
78%
Kosovo
78%
Liechtenstein
78%
Lisboa
78%
Londres
78%
Macedonia del Norte
78%
Malasia
78%
Montenegro
78%
Montevideo
78%
Pakistán
78%
Pekín
78%
Polonia
78%
Turquía
78%
Afganistán
77%
Antigua y Barbuda
77%
Azerbaiyán
77%
Budapest
77%
Dublín
77%
Filipinas
77%
Indonesia
77%
Laos
77%
Serbia
77%
Tokio
77%
Ucrania
77%
Bosnia y Herzegovina
76%
Bucarest
76%
Chipre
76%
El Cairo
76%
Estocolmo
76%
Guinea
76%
Irán
76%
Jordania
76%
Kazajistán
76%
Libia
76%
Moldavia
76%
Nueva Delhi
76%
Oslo
76%
Reikiavik
76%
República Democrática del Congo
76%
Roma
76%
San José
76%
Santa Lucia
76%
Seúl
76%
Singapur
76%
Siria
76%
Tailandia
76%
Yemen
76%
Andorra la Vieja
75%
Argel
75%
Atenas
75%
Berna
75%
Catar
75%
Dominica
75%
Etiopía
75%
Helsinki
75%
Kiev
75%
Kirguistán
75%
Kuwait
75%
La Habana
75%
Madagascar
75%
Managua
75%
Mongolia
75%
Níger
75%
Nueva Zelanda
75%
Omán
75%
República del Congo
75%
Sudáfrica
75%
Taiwán
75%
Tirana
75%
Viena
75%
Vietnam
75%
Ámsterdam
74%
Bruselas
74%
Canberra
74%
Copenhague
74%
La Valeta
74%
Líbano
74%
Mozambique
74%
Nepal
74%
Puerto Príncipe
74%
Rabat
74%
San Salvador
74%
Sofía
74%
Sri Lanka
74%
Trinidad y Tobago
74%
Túnez
74%
Zagreb
74%
Bakú
73%
Bangladés
73%
Baréin
73%
Bután
73%
Cabo Verde
73%
Camboya
73%
Chad
73%
Fiyi
73%
Ghana
73%
Guinea Ecuatorial
73%
Jerusalén
73%
Kingston
73%
Kingstown
73%
Malí
73%
Minsk
73%
Pionyang
73%
Praga
73%
Riga
73%
San Vicente y las Grenadinas
73%
Senegal
73%
Sudán
73%
Tallin
73%
Tanzania
73%
Tayikistán
73%
Tegucigalpa
73%
Turkmenistán
73%
Zambia
73%
Zimbabue
73%
Ankara
72%
Eritrea
72%
La Paz
72%
San Cristobal y Nieves
72%
Togo
72%
Tuvalu
72%
Yibuti
72%
Angola
71%
Argelia
71%
Bagdad
71%
Belmopán
71%
Benín
71%
Birmania
71%
Bratislava
71%
Brunéi
71%
Ereván
71%
Gabón
71%
Gambia
71%
Georgetown
71%
Islas Marshall
71%
Islas Salomón
71%
Kabul
71%
Maldivas
71%
Mauricio
71%
Mauritania
71%
Namibia
71%
Nigeria
71%
Santo Domingo
71%
Sarajevo
71%
Seychelles
71%
Somalia
71%
Sucre
71%
Sudán del Sur
71%
Teherán
71%
Uzbekistán
71%
Vaduz
71%
Varsovia
71%
Vilna
71%
Botsuana
70%
Camerún
70%
Costa de Marfil
70%
Daca
70%
Lesoto
70%
Liberia
70%
Nicosia
70%
Saint John's
70%
Samoa
70%
Skopie
70%
Belgrado
69%
Comoras
69%
Damasco
69%
Kuala Lumpur
69%
Liubliana
69%
Manila
69%
Paramaribo
69%
República Centroafricana
69%
Riad
69%
Santo Tomé
69%
Timor Oriental
69%
Vanuatu
69%
Beirut
68%
Burkina Faso
68%
Chișinău
68%
Estados Federados de Micronesia
68%
Esuatini
68%
Kiribati
68%
Nasáu
68%
Nauru
68%
Papúa Nueva Guinea
68%
Podgorica
68%
Pristina
68%
Ruanda
68%
Sierra Leona
68%
Ulán Bator
68%
Bangkok
67%
Islamabad
67%
Nairobi
67%
Puerto España
67%
Tonga
67%
Uganda
67%
Wellington
67%
Abu Dabi
66%
Amán
66%
Doha
66%
Guinea-Bisaú
66%
Hanói
66%
Malaui
66%
Maputo
66%
Palaos
66%
Saná
66%
Tiflis
66%
Trípoli
66%
Antananarivo
65%
Bridgetown
65%
Katmandú
65%
Taipéi
65%
Adís Abeba
64%
Astaná
64%
Bisáu
64%
Burundi
64%
Castries
64%
Porto Novo o Cotonú
64%
Pretoria
64%
Roseau
64%
Nom Pen
63%
Asjabad
62%
Biskek
62%
Ciudad de Panamá
62%
Dakar
62%
Kinsasa
62%
Malé
62%
Manama
62%
Mascate
62%
Mogadiscio
62%
Saint George
62%
Victoria
62%
Acra
61%
Asmara
61%
Ciudad del Cabo
61%
Freetown
61%
Harare
61%
Jartum
61%
Lusaka
61%
Taskent
61%
Timbu
61%
Vientián
61%
Basseterre
60%
Brazzaville
60%
Dodoma
60%
Gaborone
60%
Libreville
60%
Port Moresby
60%
Praia
60%
Suva
60%
Apia
59%
Bamako
59%
Dili
59%
Dusambé
59%
Kampala
59%
Luanda
59%
Nuakchot
59%
Port Louis
59%
Windhoek
59%
Bangui
58%
Conakri
58%
Monrovia
58%
Kigali
57%
Lomé
57%
Palikir
57%
Yamena
57%
Yaundé
57%
Yuba
57%
Banjul
56%
Abuya
55%
Funafuti
55%
Malabo
55%
Moroni
55%
Niamey
55%
Tarawa Sur
55%
Uagadugú
55%
Yamusukro
55%
Gitega
54%
Honiara
54%
Lilongüe
54%
Majuro
54%
Mbabane
54%
Port Vila
54%
Yaren
54%
Maseru
52%
Bandar Seri Begawan
51%
Palestina
50%
Nukualofa
49%
Naipyidó o Rangun
48%
Ngerulmud
46%
Emirates Árabes Unidos
45%
Bloemfontein
43%
Sri Jayawardenapura Kotte
43%
Sahara occidental
38%
Santo Tomé y Príncipe
36%
Ramala
20%
El Aaiún
19%
Nusantara
19%
No se encontraron pruebas coincidentes
Distribución de puntuación
Porcentaje de gente con cada puntuación
Porcentaje por número respondido
Historial de tus puntuaciones
No has intentado esta prueba.